| 000 | 00779cam a2200229 a 4500 | ||
|---|---|---|---|
| 001 | 14881595 | ||
| 005 | 20180313054911.0 | ||
| 008 | 070606s2008 maua 001 0 eng | ||
| 010 | _a 2007023842 | ||
| 020 | _a9780073530635 (alk. paper) | ||
| 020 | _a0073530638 (alk. paper) | ||
| 040 |
_aDLC _cDLC _dDLC |
||
| 041 | _aeng | ||
| 080 | _a332.02401 KAP | ||
| 082 | 0 | 0 |
_a332.02401 KAP _222 |
| 100 | 1 | _a56 | |
| 101 | _aFIN | ||
| 245 | 1 | 0 |
_aFocus on personal finance : _cJack R. Kapoor, Les R. Dlabay, Robert J. Hughes. |
| 906 |
_a7 _bcbc _corignew _d1 _eecip _f20 _gy-gencatlg |
||
| 942 |
_2ddc _cBK |
||
| 999 |
_c44876 _d44876 |
||